Colección de las instituciones políticas y jurídicas de los pueblos modernos

I tiakina i:
Ngā taipitopito rārangi puna kōrero
Hōputu: Pukapuka
Reo:Pāniora
I whakaputaina: Madrid J. Góngora 1895
Rangatū:Primera Serie
Ngā marau:
Ngā Tūtohu: Tāpirihia he Tūtohu
Kāore He Tūtohu, Me noho koe te mea tuatahi ki te tūtohu i tēnei pūkete!

MARC

LEADER 00000nam a2200000 a 4500
001 UCR1654
003 CL-VaPUC
008 971219e18950000SP |||||||||||||||||spa|d
082 0 4 |a 348.027  |b COL  |2 21 
245 1 0 |a Colección de las instituciones políticas y jurídicas de los pueblos modernos 
300 |a v 
942 |c BK 
945 |d 19971219 00:00:00  |a lriquelm 
260 |a Madrid  |b J. Góngora  |c 1895 
500 |a v.1: Leyes y códigos belgas 
500 |a v.3: Instituciones del reino de Italia 
500 |a v.4: Instituciones de la República Francesa 
500 |a v.5: Instituciones y códigos franceses 
500 |a v.6: Instituciones y códigos de Holanda 
500 |a v.7: Leyes y códigos portugueses 
500 |a v.8: Leyes y Codigos de Suiza 
500 |a v.9: Austria y Estados de Oriente de Europa 
500 |a v.10: Austria y Estados de Oriente de Europa 
500 |a v.11: Inglaterra y Estados del Norte de Europa 
500 |a v.12: Códigos y Leyes usuales españoles 
500 |a v.13: Códigos y Leyes usuales españoles 
650 0 |a Instituciones políticas  |9 255506 
650 0 |a Historia constitucional  |9 256052 
650 0 |a Constituciones  |9 255417 
650 0 |a Códigos  |9 352314 
650 7 |a LEGISLACION  |2 CL-VaPUC  |9 398962 
651 0 |a Europa  |9 255156 
583 |a last modification  |c 19971219 00:00:00  |k Rodrigo Vera 
490 0 |a Primera Serie 
999 |c 265021  |d 265019 
952 |0 0  |1 0  |4 0  |6 348_027000000000000_COL_1895  |7 0  |8 DER_ROM  |9 295786  |a BIBDER  |b BIBDER  |d 2019-11-20  |h v.3  |i 3040003  |l 1  |o 348.027 COL 1895  |p 3040003  |r 2020-03-24  |s 2020-03-19  |w 2019-11-20  |x Ubicación 4to piso  |y BK_X  |z Este recurso debe solicitarse con anticipación  |k DER 
952 |0 0  |1 0  |4 0  |6 348_027000000000000_COL_1895  |7 0  |8 DER_ROM  |9 295787  |a BIBDER  |b BIBDER  |d 2019-11-20  |h v.4  |i 3039994  |l 1  |o 348.027 COL 1895  |p 3039994  |r 2020-03-24  |s 2020-03-19  |w 2019-11-20  |x Ubicación 4to piso  |y BK_X  |z Este recurso debe solicitarse con anticipación  |k DER 
952 |0 0  |1 0  |4 0  |6 348_027000000000000_COL_1895  |7 0  |8 DER_ROM  |9 295788  |a BIBDER  |b BIBDER  |d 2019-11-20  |h v.5  |i 3039986  |l 1  |o 348.027 COL 1895  |p 3039986  |r 2020-03-24  |s 2020-03-19  |w 2019-11-20  |x Ubicación 4to piso  |y BK_X  |z Este recurso debe solicitarse con anticipación  |k DER 
952 |0 0  |1 0  |4 0  |6 348_027000000000000_COL_1895  |7 0  |8 DER_ROM  |9 295789  |a BIBDER  |b BIBDER  |d 2019-11-20  |h v.6  |i 3040100  |l 1  |o 348.027 COL 1895  |p 3040100  |r 2020-03-24  |s 2020-03-19  |w 2019-11-20  |x Ubicación 4to piso  |y BK_X  |z Este recurso debe solicitarse con anticipación  |k DER 
952 |0 0  |1 0  |4 0  |6 348_027000000000000_COL_1895  |7 0  |8 DER_ROM  |9 295790  |a BIBDER  |b BIBDER  |d 2019-11-20  |h v.7  |i 3040097  |l 1  |o 348.027 COL 1895  |p 3040097  |r 2020-03-24  |s 2020-03-19  |w 2019-11-20  |x Ubicación 4to piso  |y BK_X  |z Este recurso debe solicitarse con anticipación  |k DER 
952 |0 0  |1 0  |4 0  |6 348_027000000000000_COL_1895  |7 0  |8 DER_ROM  |9 295791  |a BIBDER  |b BIBDER  |d 2019-11-20  |h v.8  |i 3040178  |l 1  |o 348.027 COL 1895  |p 3040178  |r 2020-03-24  |s 2020-03-19  |w 2019-11-20  |x Ubicación 4to piso  |y BK_X  |z Este recurso debe solicitarse con anticipación  |k DER 
952 |0 0  |1 0  |4 0  |6 348_027000000000000_COL_1895  |7 0  |8 DER_ROM  |9 295792  |a BIBDER  |b BIBDER  |d 2019-11-20  |h v.9  |i 3040011  |l 1  |o 348.027 COL 1895  |p 3040011  |r 2020-03-27  |s 2020-03-19  |w 2019-11-20  |x Ubicación 4to piso  |y BK_X  |z Este recurso debe solicitarse con anticipación  |k DER 
952 |0 0  |1 0  |4 0  |6 348_027000000000000_COL_1895  |7 0  |8 DER_ROM  |9 295793  |a BIBDER  |b BIBDER  |d 2019-11-20  |h v.10  |i 304016K  |l 1  |o 348.027 COL 1895  |p 304016K  |r 2020-03-24  |s 2020-03-19  |w 2019-11-20  |x Ubicación 4to piso  |y BK_X  |z Este recurso debe solicitarse con anticipación  |k DER 
952 |0 0  |1 0  |4 0  |6 348_027000000000000_COL_1895  |7 0  |8 DER_ROM  |9 295794  |a BIBDER  |b BIBDER  |d 2019-11-20  |h v.11  |i 3040151  |l 1  |o 348.027 COL 1895  |p 3040151  |r 2020-03-24  |s 2020-03-19  |w 2019-11-20  |x Ubicación 4to piso  |y BK_X  |z Este recurso debe solicitarse con anticipación  |k DER 
952 |0 0  |1 0  |4 0  |6 348_027000000000000_COL_1895  |7 0  |8 DER_ROM  |9 295795  |a BIBDER  |b BIBDER  |d 2019-11-20  |h v.12  |i 3040127  |l 1  |o 348.027 COL 1895  |p 3040127  |r 2020-03-24  |s 2020-03-19  |w 2019-11-20  |x Ubicación 4to piso  |y BK_X  |z Este recurso debe solicitarse con anticipación  |k DER 
952 |0 0  |1 0  |4 0  |6 348_027000000000000_COL_1895  |7 0  |8 DER_ROM  |9 295796  |a BIBDER  |b BIBDER  |d 2019-11-20  |h v.13  |i 3040119  |l 1  |o 348.027 COL 1895  |p 3040119  |r 2020-03-24  |s 2020-03-19  |w 2019-11-20  |x Ubicación 4to piso  |y BK_X  |z Este recurso debe solicitarse con anticipación  |k DER